000 00622nam a22002417a 4500
003 UA-OsUOA
001 27510
007 ta
008 20040820b un ||||| |||| 00| 0 ukr d
090 _a658
_bУ67
942 _cBK
040 _aUA-OsUOA
_bukr
_cUA-OsUOA
_dUA-OsUOA
245 _aУправління інноваціями
_cРед. А. І.Сухорукова
300 _a206 с.
955 _a0
041 _aukr
080 _a658
020 _a966-95874-4-1
260 _aКиїв
_bВидавничий дім "Комп'ютерпрес"
_c2003
044 _aUA
650 7 _2UDC
999 _c313856
_d313856